Normal view
MARC view
Entry Personal Name
001 - CONTROL NUMBER
- control field: 55505
003 - CONTROL NUMBER IDENTIFIER
- control field: dpl
005 - DATE AND TIME OF LATEST TRANSACTION
- control field: 20230828171924.0
008 - FIXED-LENGTH DATA ELEMENTS
- fixed length control field: 230828|| aca||aabn | a|a d
040 ## - CATALOGING SOURCE
- Original cataloging agency: dpl
- Transcribing agency: dpl
100 ## - HEADING--PERSONAL NAME
- Personal name: गुप्ता,कौशल्या
670 ## - SOURCE DATA FOUND
- Source citation: Work cat.: (dpl)197636: गुप्ता,कौशल्या , बाल उद्यान :, 2021
